| 000 | 01008cam a2200265 a 4500 | ||
|---|---|---|---|
| 001 | 12408771 | ||
| 005 | 20010709162014.0 | ||
| 008 | 010515s2001 enk | b 001 0 eng | ||
| 020 | _a1859846211 | ||
| 020 | _a1859843301 (pbk) | ||
| 040 |
_aDLC _cDLC _dDLC |
||
| 082 | 0 | 0 |
_a335.009 _221 _bLAC |
| 100 | 1 |
_aLaclau, Ernesto. _928401 |
|
| 245 | 1 | 0 |
_aHegemony and socialist strategy : _btowards a radical democratic politics / _cErnesto Laclau and Chantal Mouffe. |
| 250 | _a2nd ed. | ||
| 260 |
_aLondon ; _aNew York : _bVerso, _c2001. |
||
| 300 |
_axix, 198 p. ; _c19 cm. |
||
| 504 | _aIncludes bibliographical references and index. | ||
| 650 | 0 |
_aSocialism _xPhilosophy. _928402 |
|
| 653 | _bPol | ||
| 700 | 1 |
_aMouffe, Chantal. _928403 |
|
| 942 |
_2ddc _cBB |
||
| 999 |
_c16340 _d16340 |
||